[Event "Julius Baer Rapid Div 3 L"]
[Site "chess.com INT"]
[Date "2023.09.02"]
[Round "7.1"]
[White "Bortnyk, Olexandr"]
[Black "Kamsky, Gata"]
[Result "1-0"]
[WhiteTitle "GM"]
[BlackTitle "GM"]
[WhiteElo "2608"]
[BlackElo "2641"]
[WhiteFideId "14120828"]
[BlackFideId "2000024"]
[EventDate "2023.08.30"]
[EventType "k.o."]

1. e4 c5 2. c3 d5 3. exd5 Qxd5 4. d4 Nf6 5. Be3 cxd4 6. cxd4 e6 7. Nc3 Bb4 8.
Nf3 O-O 9. Bd3 b6 10. Qe2 Bb7 11. O-O Qh5 12. Rac1 Nbd7 13. Ba6 Bxa6 14. Qxa6
Qa5 15. Qxa5 bxa5 16. Na4 Nd5 17. a3 Be7 18. Bd2 N7b6 19. Nc5 a4 20. Ne5 Rac8
21. g3 Bf6 22. f4 h5 23. Kf2 Ne7 24. Ba5 Rfd8 25. Rfd1 Nf5 26. Bxb6 axb6 27.
Nxa4 Rxc1 28. Rxc1 Rxd4 29. Rc8+ Kh7 30. b4 Bxe5 31. fxe5 Rd2+ 32. Kg1 b5 33.
Nc3 Nd4 34. Rc5 Nf3+ 35. Kf1 Nxh2+ 36. Kg1 Nf3+ 37. Kf1 g5 38. Nxb5 Kg6 39. Nd6
h4 40. gxh4 gxh4 41. Ne4 Ra2 42. Rc3 Nxe5 43. b5 Rb2 44. a4 Ng4 45. Nc5 f5 46.
Rb3 Rf2+ 47. Ke1 Rc2 48. b6 h3 49. b7 h2 50. Rh3 Rc1+ 51. Kd2 Rb1 52. a5 f4 53.
a6 f3 54. Nd3 Rb3 55. Nf4+ Kf5 56. a7 f2 57. Rh5+ Ke4 58. a8=Q Rb2+ 59. Kc3 f1=Q
60. b8=Q+ Ke3 61. Re5+ Kf2 62. Qxb2+ Kg3 63. Qag2+ 1-0

[Event "Julius Baer Rapid Div 3 L"]
[Site "chess.com INT"]
[Date "2023.09.02"]
[Round "7.2"]
[White "Kamsky, Gata"]
[Black "Bortnyk, Olexandr"]
[Result "1/2-1/2"]
[WhiteTitle "GM"]
[BlackTitle "GM"]
[WhiteElo "2641"]
[BlackElo "2608"]
[WhiteFideId "2000024"]
[BlackFideId "14120828"]
[EventDate "2023.08.30"]
[EventType "k.o."]

1. d4 Nf6 2. Bf4 g6 3. Nf3 Bg7 4. c3 d6 5. h3 b6 6. Nbd2 Bb7 7. e3 O-O 8. a4 a5
9. Bb5 Nbd7 10. O-O Ne4 11. Nxe4 Bxe4 12. Bh2 Nf6 13. Re1 Bb7 14. b4 c5 15. bxc5
bxc5 16. Rb1 Rc8 17. Bd3 Be4 18. Bxe4 Nxe4 19. Qd3 d5 20. Rb7 Qe8 21. Rb5 cxd4
22. cxd4 Rc3 23. Qb1 Qc6 24. Rxa5 Rc2 25. Rxd5 Qxa4 26. Ra5 Qc4 27. Be5 Rc8 28.
Bxg7 Kxg7 29. Re5 Nxf2 30. Rxe7 Rc7 31. Ne5 Qc3 32. Rxc7 Qxc7 33. Rf1 f6 34. Qb5
Nxh3+ 35. gxh3 fxe5 36. Qe8 Kh6 37. Qf8+ Kh5 38. d5 e4 39. d6 Qc5 40. Qf4 Rd2
41. Qg4+ Kh6 42. Qh4+ Qh5 43. Qxh5+ Kxh5 44. Rf4 Rxd6 45. Rxe4 Rd2 46. Rf4 Kg5
47. Rf3 h5 48. Kf1 Ra2 49. Rg3+ Kf5 50. e4+ Kxe4 51. Rxg6 Kf3 52. Kg1 Ra1+ 53.
Kh2 Ra2+ 54. Kg1 Ra1+ 55. Kh2 Ra2+ 56. Kg1 1/2-1/2

[Event "Julius Baer Rapid Div 3 L"]
[Site "chess.com INT"]
[Date "2023.09.02"]
[Round "8.1"]
[White "Sevian, Samuel"]
[Black "Bortnyk, Olexandr"]
[Result "1-0"]
[WhiteTitle "GM"]
[BlackTitle "GM"]
[WhiteElo "2698"]
[BlackElo "2608"]
[WhiteFideId "2040506"]
[BlackFideId "14120828"]
[EventDate "2023.08.30"]
[EventType "k.o."]

1. e4 Nf6 2. e5 Nd5 3. d4 d6 4. c4 Nb6 5. exd6 exd6 6. Nc3 Be7 7. h3 O-O 8. Bd3
c6 9. Nge2 Na6 10. b3 d5 11. c5 Nd7 12. a3 Nc7 13. b4 Re8 14. O-O Nf8 15. Rb1 a6
16. a4 Bf6 17. Bc2 Ng6 18. Qd3 Bd7 19. Ng3 Ne6 20. Be3 Qc7 21. Nh5 Bh4 22. Rbe1
f5 23. g3 Bg5 24. f4 Be7 25. Bc1 Rf8 26. g4 Bh4 27. gxf5 Rxf5 28. Qxf5 Nxc5 29.
Nxd5 cxd5 30. Qxd5+ Ne6 31. Rxe6 Bxe6 32. Qxe6+ Kh8 33. Bxg6 hxg6 34. Qxg6 1-0

[Event "Julius Baer Rapid Div 3 L"]
[Site "chess.com INT"]
[Date "2023.09.02"]
[Round "8.2"]
[White "Bortnyk, Olexandr"]
[Black "Sevian, Samuel"]
[Result "1/2-1/2"]
[WhiteTitle "GM"]
[BlackTitle "GM"]
[WhiteElo "2608"]
[BlackElo "2698"]
[WhiteFideId "14120828"]
[BlackFideId "2040506"]
[EventDate "2023.08.30"]
[EventType "k.o."]

1. d4 Nf6 2. Nc3 d5 3. Bf4 e6 4. Nb5 Na6 5. e3 Be7 6. h4 c6 7. Nc3 Qb6 8. a3 c5
9. h5 Bd7 10. Rb1 Nb8 11. h6 g6 12. Nf3 Nc6 13. dxc5 Qxc5 14. Nb5 O-O 15. Bc7 a5
16. Rc1 Na7 17. c4 dxc4 18. Rxc4 1/2-1/2